Coping with stress : a guide to living /

Bibliographic Details
Main Author: Mills, James W. (James Willard), 1937-
Format: Book
Language:English
Published: New York : Wiley, [1982]
Series:Wiley self-teaching guides.
Subjects:

MARC

Tag First Indicator Second Indicator Subfields
LEADER 00000pam a2200000 a 4500
001 in00000385521
005 20151011105515.0
008 820809s1982 nyuk 00010 eng
010 |a  82016044  
020 |a 047187678X (pbk.) :  |c $8.95 
035 |a (OCoLC)08728846 
035 |9 ABR5353AM 
039 0 |a 2  |b 3  |c 3  |d 3  |e 3 
040 |a DLC  |c DLC  |d TXA  |d UtOrBLW 
049 |a TXAM  |c [1388782] 
050 0 0 |a BF575.S75  |b M54 1982 
082 0 |a 158/.1  |2 19 
100 1 |a Mills, James W.  |q (James Willard),  |d 1937- 
245 1 0 |a Coping with stress :  |b a guide to living /  |c James W. Mills. 
264 1 |a New York :  |b Wiley,  |c [1982] 
264 4 |c ©1982 
300 |a viii, 151 pages :  |b forms ;  |c 26 cm. 
336 |a text  |b txt  |2 rdacontent 
337 |a unmediated  |b n  |2 rdamedia 
338 |a volume  |b nc  |2 rdacarrier 
490 1 |a Wiley self-teaching guides 
650 0 |a Stress (Psychology) 
830 0 |a Wiley self-teaching guides. 
999 |a MARS 
999 f f |s 1aa538d4-fcea-3d68-9262-444085cc2722  |i 2aad45c7-200b-35fc-b835-a94258f34988  |t 0 
952 f f |p ric  |a Texas A&M University  |b Rellis Campus  |c Joint Library Facility  |d Remote Storage  |t 0  |e BF575.S75 M54 1982  |h Library of Congress classification  |i unmediated -- volume  |m A14807621375 
998 f f |a BF575.S75 M54 1982  |t 0  |l Remote Storage